| 000 | 01027nam a22002537a 4500 | ||
|---|---|---|---|
| 999 |
_c15595 _d15595 |
||
| 003 | MIRAKIL | ||
| 005 | 20240308141424.0 | ||
| 008 | 240308b tu ||||| |||| 00| 0 tur d | ||
| 020 | _a9786056484797 | ||
| 040 |
_aTR-AnCHP _cTR-AnCHP |
||
| 041 | _aTur | ||
| 082 |
_a305.4209561 _bS25s 2018 |
||
| 090 | _a305.4209561 S25s 2018 | ||
| 100 | _aSancar, Serpil | ||
| 245 | 1 | 0 |
_aTürkiye'de katılımcı demokrasinin güçlendirilmesi: Toplumsal cinsiyet eşitliğinin izlenmesi projesi : _bsiyasal kararlara katılımda toplumsal cinsiyet eşitliği haritalama ve izleme çalışması / _cSerpil Sancar |
| 246 | _aSiyasal kararlara katılımda toplumsal cinsiyet eşitliği haritalama ve izleme çalışması | ||
| 250 | _a1. bs. | ||
| 260 |
_aAnkara : _bCEİD, _c2018 |
||
| 300 |
_a200 s. : _btbl. ; _c26 cm. |
||
| 504 | _aKaynakça: 171-196. ss. | ||
| 650 | 0 |
_97694 _aCinsiyet ayrımı _xŞiddet _zTürkiye |
|
| 856 | _zDijital Nüshası için Partimizin Kütüphane Sorumlusu ile iletişime geçiniz. | ||
| 942 |
_2ddc _cBKS |
||